| 000 | 005370000a22001810004500 | ||
|---|---|---|---|
| 020 | _a958-701-334-4 | ||
| 041 | 0 | _aSPA | |
| 082 | 0 | 4 | _aG 306.0898 Z24e |
| 245 | 1 | 0 | _aEtnopolíticas y racismo : Conflictividad y desafíos interculturales en América Latina / Carlos Vladimir Zambrano,Editor |
| 250 | _a2 | ||
| 260 | _aColombia : Universidad Nacional de Colombia | ||
| 300 | _a376 Pag | ||
| 001 | 9451 | ||
| 942 | _cBK | ||
| 999 |
_c39458 _d39458 |
||
| 336 |
_atexto _btxt _2rdacontent |
||
| 337 |
_2rdamedia _asin mediación _bn |
||
| 338 |
_2rdacarrier _avolumen _bnc |
||